| 000 | 00716cam a22002653a 4500 | ||
|---|---|---|---|
| 001 | 32615 | ||
| 003 | PGUSA | ||
| 005 | 20140828083715.0 | ||
| 008 | 100531s2010||||xxu|||||s|||||000 1 eng d | ||
| 040 |
_aPGUSA _beng |
||
| 042 | _adc | ||
| 050 | 4 | _aPS | |
| 100 | 1 |
_aPalmer, Ray, _d1910-1977 |
|
| 245 | 1 | 4 |
_aThe Hell Ship _h[electronic resource] / _cRay Palmer |
| 260 |
_bProject Gutenberg, _c2010 |
||
| 506 | _aPublic domain in the USA. | ||
| 516 | _aElectronic text | ||
| 653 | _aMutiny -- Fiction | ||
| 653 | _aSpace ships -- Fiction | ||
| 653 | _aSlavery -- Fiction | ||
| 653 | _aScience fiction | ||
| 830 | 0 |
_aProject Gutenberg _v32615 |
|
| 856 | 4 | 0 | _uhttp://www.gutenberg.org/ebooks/32615 |
| 942 | _cEB | ||
| 999 |
_c261870 _d261870 |
||